[Event "GBR-ch 108th"]
[Site "Torquay"]
[Date "2022.08.14"]
[Round "2.12"]
[White "Clarke, Brandon G I"]
[Black "Bradbury, Neil H"]
[Result "1-0"]
[WhiteElo "2474"]
[BlackElo "2211"]
[PlyCount "63"]
[EventDate "2022.08.13"]
[EventType "swiss"]
[EventRounds "9"]
[EventCountry "GBR"]
[SourceTitle "BritBase"]
[Source "John Saunders"]
[SourceDate "2022.08.22"]
[SourceVersion "1"]
[SourceVersionDate "2022.08.22"]
[SourceQuality "2"]

1. e4 c6 2. d4 d5 3. e5 Bf5 4. h4 h5 5. Bg5 Qb6 6. Bd3 Bxd3 7. Qxd3 e6 8. Nd2
Qa6 9. c4 Bb4 10. b3 Nd7 11. Ne2 Ne7 12. O-O Nf5 13. Ng3 g6 14. Nxf5 gxf5 15.
Nf3 Be7 16. Qc3 Qa3 17. cxd5 cxd5 18. Qc7 Qb4 19. Rfc1 Bd8 20. Bxd8 Rxd8 21.
Rc3 O-O 22. a3 Qb6 23. Rac1 a5 24. Ng5 f4 25. Qxb6 Nxb6 26. a4 Rc8 27. Rc7 Rb8
28. R1c3 Na8 29. Re7 b5 30. axb5 Rxb5 31. Rf3 Nb6 32. Rxf4 1-0

[Event "GBR-ch 108th"]
[Site "Torquay"]
[Date "2022.08.14"]
[Round "2.13"]
[White "Payne, Matthew J"]
[Black "Davies, Nigel R"]
[Result "0-1"]
[WhiteElo "2155"]
[BlackElo "2425"]
[PlyCount "138"]
[EventDate "2022.08.13"]
[EventType "swiss"]
[EventRounds "9"]
[EventCountry "GBR"]
[SourceTitle "BritBase"]
[Source "John Saunders"]
[SourceDate "2022.08.22"]
[SourceVersion "1"]
[SourceVersionDate "2022.08.22"]
[SourceQuality "2"]

1. e4 c5 2. Nc3 e6 3. Nf3 a6 4. g3 Nc6 5. Bg2 d6 6. d4 cxd4 7. Nxd4 Nge7 8. Be3
Bd7 9. O-O Nc8 10. f4 Be7 11. e5 O-O 12. Nxc6 Bxc6 13. Qg4 Bxg2 14. Kxg2 Qc7
15. f5 Qc6+ 16. Kg1 exf5 17. Rxf5 dxe5 18. Rxe5 Rd8 19. Rf1 Qg6 20. Qa4 b5 21.
Qb3 Bf6 22. Bg5 Bxe5 23. Bxd8 Bd4+ 24. Kg2 Nd6 25. Qd5 Qxc2+ 26. Kh3 Rxd8 27.
Qxd4 Qg6 28. Re1 Qf5+ 29. Kg2 h6 30. Re5 Qc8 31. Rd5 Nb7 32. Rxd8+ Nxd8 33. Nd5
Qc2+ 34. Qf2 Qc4 35. Qd2 Ne6 36. b3 Qe4+ 37. Kf2 Nd4 38. Nf4 g5 39. Qd3 Qe5 40.
Ng2 Qf6+ 41. Ke3 Nf5+ 42. Kd2 Qb2+ 43. Qc2 Qd4+ 44. Qd3 Qe5 45. Ne1 Kg7 46. Nc2
h5 47. Qe2 Qd5+ 48. Qd3 Qe5 49. Qe2 Qd6+ 50. Qd3 Kf6 51. a4 Ke5 52. axb5 axb5
53. Ke2 Qc5 54. Kd2 g4 55. b4 Qd5 56. Kc3 Qxd3+ 57. Kxd3 Kd5 58. Ne1 h4 59.
gxh4 Nxh4 60. Nc2 Nf5 61. Ne1 Ne7 62. Nc2 Nf5 63. Ne1 Ke5 64. Nc2 f6 65. Na3
Nd4 66. Ke3 f5 67. Nb1 f4+ 68. Kf2 Kd5 69. Nd2 Nc6 0-1

[Event "GBR-ch 108th"]
[Site "Torquay"]
[Date "2022.08.14"]
[Round "2.14"]
[White "Wadsworth, Matthew J"]
[Black "Taylor, Adam A"]
[Result "1/2-1/2"]
[WhiteElo "2418"]
[BlackElo "2204"]
[PlyCount "163"]
[EventDate "2022.08.13"]
[EventType "swiss"]
[EventRounds "9"]
[EventCountry "GBR"]
[SourceTitle "BritBase"]
[Source "John Saunders"]
[SourceDate "2022.08.22"]
[SourceVersion "1"]
[SourceVersionDate "2022.08.22"]
[SourceQuality "2"]

1. Nf3 c5 2. b3 Nc6 3. Bb2 d5 4. e3 Nf6 5. Bb5 Bd7 6. O-O e6 7. Bxc6 Bxc6 8.
Ne5 Qc7 9. d3 Nd7 10. f4 Nxe5 11. fxe5 h5 12. Nd2 g5 13. Qe2 O-O-O 14. Rf2 g4
15. d4 Kb8 16. Raf1 Be8 17. c3 Rg8 18. Qd3 g3 19. Rf3 gxh2+ 20. Kh1 Rg4 21. Qe2
a6 22. Qf2 Qe7 23. Rh3 Qg5 24. Nf3 Qg6 25. Nxh2 Rg5 26. Qf6 Qxf6 27. Rxf6 Bg7
28. Rf4 Bh6 29. Rf2 Rg7 30. Ba3 cxd4 31. exd4 Bg5 32. Rxh5 Rc8 33. Rh8 Bd7 34.
Bd6+ Ka7 35. Rxc8 Bxc8 36. Rf3 Bc1 37. Bf8 Rh7 38. Kg1 Bb2 39. Ng4 a5 40. Nf6
Rh8 41. Bg7 Rd8 42. Bh6 b5 43. Bd2 Ba6 44. Ng4 b4 45. cxb4 Bxd4+ 46. Be3 Bxe3+
47. Nxe3 axb4 48. Rxf7+ Kb6 49. Re7 Kc5 50. Rxe6 Bd3 51. Rd6 Rxd6 52. exd6 Kxd6
53. Kf2 Ke5 54. Ke1 Ke4 55. Kd2 Bb1 56. Nf1 Kf4 57. Ke2 d4 58. Nd2 Bc2 59. Kf2
Bd3 60. Nf3 Bb1 61. Nd2 Bd3 62. Nc4 Bc2 63. g3+ Ke4 64. Ke2 Bd3+ 65. Kd2 Bb1
66. a4 bxa3 67. Nxa3 Ba2 68. b4 Be6 69. b5 Kd5 70. b6 Kc6 71. Kd3 Kxb6 72. Kxd4
Kc6 73. Ke5 Bg4 74. Nc4 Kd7 75. Kf6 Be2 76. Ne3 Ke8 77. Nf5 Kf8 78. Nd4 Bd1 79.
Ke5 Kg7 80. Kf4 Kf6 81. Nf3 Bxf3 82. Kxf3 1/2-1/2

[Event "GBR-ch 108th"]
[Site "Torquay"]
[Date "2022.08.14"]
[Round "2.15"]
[White "Ethelontis, Alexandros N"]
[Black "Pert, Richard G"]
[Result "0-1"]
[WhiteElo "2055"]
[BlackElo "2411"]
[PlyCount "52"]
[EventDate "2022.08.13"]
[EventType "swiss"]
[EventRounds "9"]
[EventCountry "GBR"]
[SourceTitle "BritBase"]
[Source "John Saunders"]
[SourceDate "2022.08.22"]
[SourceVersion "1"]
[SourceVersionDate "2022.08.22"]
[SourceQuality "2"]

1. Nf3 d5 2. c4 d4 3. b4 g5 4. Nxg5 e5 5. Ne4 Bxb4 6. Qa4+ Nc6 7. Ba3 Qe7 8.
Bxb4 Qxb4 9. Qxb4 Nxb4 10. Na3 Bf5 11. Ng3 Bg6 12. d3 O-O-O 13. Kd2 f5 14. Nc2
Nxc2 15. Kxc2 Nf6 16. f3 c5 17. Rb1 Kc7 18. h4 f4 19. Ne4 Bxe4 20. dxe4 Nh5 21.
g4 fxg3 22. Bh3 Nf4 23. Kd2 Rhg8 24. Rbg1 Rd6 25. Bf5 g2 26. Rh2 Ra6 0-1

[Event "GBR-ch 108th"]
[Site "Torquay"]
[Date "2022.08.14"]
[Round "2.16"]
[White "Claridge-Hansen, William"]
[Black "Brewer, Callum D"]
[Result "1-0"]
[WhiteElo "2345"]
[BlackElo "2159"]
[PlyCount "125"]
[EventDate "2022.08.13"]
[EventType "swiss"]
[EventRounds "9"]
[EventCountry "GBR"]
[SourceTitle "BritBase"]
[Source "John Saunders"]
[SourceDate "2022.08.22"]
[SourceVersion "1"]
[SourceVersionDate "2022.08.22"]
[SourceQuality "2"]

1. c4 e5 2. g3 Nf6 3. Bg2 c6 4. Nf3 e4 5. Nd4 d5 6. cxd5 Qxd5 7. Nc2 Na6 8. d3
Bh3 9. Bxh3 exd3 10. O-O dxc2 11. Qxc2 Nb4 12. Qd2 Qh5 13. Bg2 Bc5 14. Nc3 h6
15. Ne4 Nxe4 16. Bxe4 O-O 17. a3 Rad8 18. Qc3 Na6 19. Qf3 Qxf3 20. Bxf3 Bd4 21.
Rb1 Nc7 22. b4 Nb5 23. Rb3 Bb6 24. e3 Nc7 25. a4 a6 26. Rd1 Rxd1+ 27. Bxd1 Rd8
28. Bc2 Ba7 29. Kf1 f6 30. Ke2 Kf7 31. Bd2 Ke7 32. h4 Rd5 33. Be4 Rd7 34. Bc1
Kd8 35. Bb2 Re7 36. Bf5 Ne8 37. b5 axb5 38. axb5 Nd6 39. Bd3 Nxb5 40. Bxb5 cxb5
41. Rxb5 Kc7 42. Ra5 Bb6 43. Ra8 Bc5 44. Ra5 Bb6 45. Rf5 Kc6 46. g4 Bc7 47. g5
hxg5 48. hxg5 Be5 49. Ba3 Re6 50. gxf6 gxf6 51. Kd3 b6 52. f4 Bd6 53. Bb2 Be7
54. Bd4 Bd8 55. Kc4 Be7 56. Rb5 Bd8 57. Rf5 Be7 58. Rd5 Rd6 59. Rxd6+ Kxd6 60.
Bxb6 f5 61. Bc5+ Ke6 62. Bxe7 Kxe7 63. Kd5 1-0

[Event "GBR-ch 108th"]
[Site "Torquay"]
[Date "2022.08.14"]
[Round "2.17"]
[White "Lane, Gary W"]
[Black "Jackson, Sheila"]
[Result "1-0"]
[WhiteElo "2328"]
[BlackElo "2070"]
[PlyCount "109"]
[EventDate "2022.08.13"]
[EventType "swiss"]
[EventRounds "9"]
[EventCountry "GBR"]
[SourceTitle "BritBase"]
[Source "John Saunders"]
[SourceDate "2022.08.22"]
[SourceVersion "1"]
[SourceVersionDate "2022.08.22"]
[SourceQuality "2"]

1. e4 e6 2. d4 d5 3. Nd2 h6 4. c3 c5 5. exd5 exd5 6. Ngf3 Nc6 7. Bb5 Bd6 8. O-O
Nge7 9. dxc5 Bxc5 10. Nb3 Bd6 11. h3 O-O 12. Bd3 Bf5 13. Re1 Qd7 14. Be3 b6 15.
Bd4 Bxd3 16. Qxd3 Ng6 17. Rad1 Rad8 18. Be3 Rfe8 19. Nbd4 Nce5 20. Nxe5 Nxe5
21. Qf5 Nc4 22. Bc1 Rxe1+ 23. Rxe1 Qxf5 24. Nxf5 Bf8 25. Kf1 h5 26. Ne7+ Kh7
27. Nc6 Rd7 28. Rd1 f6 29. Nd4 g5 30. b3 Ne5 31. f4 gxf4 32. Bxf4 Kg6 33. Bg3
Bh6 34. Nc2 Kf5 35. Ke2 Ke6 36. Nd4+ Kf7 37. Rf1 Ng6 38. Nf5 Bf8 39. Kd3 Ke6
40. Kc2 Bc5 41. b4 Bf8 42. a4 Kf7 43. Kb3 a5 44. Bf2 axb4 45. cxb4 Rb7 46. Bd4
Ke6 47. Ng3 Ne5 48. Nxh5 Be7 49. Ng7+ Kd7 50. Nh5 Ke6 51. Nf4+ Kd6 52. Rd1 Bd8
53. Bc3 Ke7 54. Rxd5 Nf7 55. Rf5 1-0

[Event "GBR-ch 108th"]
[Site "Torquay"]
[Date "2022.08.14"]
[Round "2.18"]
[White "Storey, Charles H"]
[Black "Merriman, John"]
[Result "0-1"]
[WhiteElo "2167"]
[BlackElo "2297"]
[PlyCount "142"]
[EventDate "2022.08.13"]
[EventType "swiss"]
[EventRounds "9"]
[EventCountry "GBR"]
[SourceTitle "BritBase"]
[Source "John Saunders"]
[SourceDate "2022.08.22"]
[SourceVersion "1"]
[SourceVersionDate "2022.08.22"]
[SourceQuality "2"]

1. e4 e6 2. d4 d5 3. e5 c5 4. c3 Nc6 5. Nf3 Qb6 6. a3 f6 7. Bd3 Bd7 8. O-O fxe5
9. dxe5 c4 10. Bc2 g6 11. Re1 Nh6 12. Re2 Bg7 13. Bxh6 Bxh6 14. Ba4 O-O 15.
Bxc6 bxc6 16. Nbd2 Rf7 17. Nf1 Rb8 18. h3 c5 19. N1h2 Rbf8 20. Ng4 Bg7 21. Qd2
Kh8 22. Rf1 Qd8 23. Qe3 Qe7 24. Nfh2 Bc6 25. Nf6 Rd8 26. Rd1 Qf8 27. Red2 Bh6
28. f4 Bg7 29. g3 Rb8 30. h4 Rfb7 31. Qf2 Rb5 32. Re1 Qe7 33. Nf3 Ba8 34. a4
R5b6 35. a5 Rb5 36. Ng5 h6 37. h5 gxh5 38. Ngh7 Qf7 39. a6 Qg6 40. Ree2 Ra5 41.
Kh2 Ra1 42. Re1 Rxe1 43. Qxe1 d4 44. Qd1 d3 45. Qa4 Bd5 46. Qd7 Bxf6 47. Nxf6
Rg8 48. g4 hxg4 49. Kg3 h5 50. Nxg8 Kxg8 51. Qd8+ Kg7 52. Qe7+ Kh6 53. Qf8+ Qg7
54. Qd8 Qg6 55. Rh2 Kh7 56. Qe7+ Kh6 57. Qf8+ Kh7 58. Qxc5 d2 59. Qd4 Qb1 60.
Qxd2 Qg1+ 61. Kh4 g3 62. Re2 g2 63. Kg5 Qh2 64. Qc2+ Kh8 65. Kf6 Qxf4+ 66. Ke7
Qg5+ 67. Kd7 g1=Q 68. Rf2 Qg7+ 69. Kd6 Kg8 70. Qd2 Qxf2 71. Qxf2 Qf8+ 0-1

[Event "GBR-ch 108th"]
[Site "Torquay"]
[Date "2022.08.14"]
[Round "2.19"]
[White "Dishman, Stephen"]
[Black "Burrows, Martin P"]
[Result "1/2-1/2"]
[WhiteElo "2248"]
[BlackElo "2064"]
[PlyCount "125"]
[EventDate "2022.08.13"]
[EventType "swiss"]
[EventRounds "9"]
[EventCountry "GBR"]
[SourceTitle "BritBase"]
[Source "John Saunders"]
[SourceDate "2022.08.22"]
[SourceVersion "1"]
[SourceVersionDate "2022.08.22"]
[SourceQuality "2"]

1. Nf3 Nf6 2. c4 e6 3. g3 d5 4. d4 Be7 5. Bg2 O-O 6. O-O dxc4 7. Qc2 a6 8. a4
Bd7 9. Qxc4 Bc6 10. Bf4 Bd6 11. Qc1 a5 12. Nc3 Na6 13. Rd1 Nb4 14. Bg5 Nbd5 15.
Re1 Be7 16. Ne5 Nxc3 17. Bxc6 Qxd4 18. Qxc3 Qxc3 19. bxc3 bxc6 20. Nxc6 Bc5 21.
Bxf6 gxf6 22. Rab1 Ra6 23. Nd4 Rd8 24. e3 Bxd4 25. cxd4 e5 26. dxe5 fxe5 27.
Rb5 Rd2 28. Rxe5 Ra2 29. Re4 Rf6 30. Rf1 Rb6 31. Rc1 Rf6 32. Rf4 Rxf4 33. gxf4
Rxa4 34. Rxc7 Kg7 35. Kg2 Ra1 36. Ra7 a4 37. e4 a3 38. e5 Kg6 39. Ra6+ Kg7 40.
f5 Re1 41. f4 Re2+ 42. Kg3 a2 43. h3 f6 44. Ra7+ Kf8 45. e6 Ke8 46. Kg4 Rg2+
47. Kf3 Rc2 48. Ke4 Re2+ 49. Kd5 Rd2+ 50. Ke4 Re2+ 51. Kd3 Rf2 52. Ke3 Rh2 53.
h4 h5 54. Ra5 Rb2 55. Kd3 Rf2 56. Ke4 Re2+ 57. Kd3 Rf2 58. Ke3 Rb2 59. Ra8+ Ke7
60. Ra7+ Ke8 61. Ra5 Rc2 62. Kd3 Rf2 63. Ke3 1/2-1/2

[Event "GBR-ch 108th"]
[Site "Torquay"]
[Date "2022.08.14"]
[Round "2.20"]
[White "Wells, Peter K"]
[Black "Donaldson, Thomas"]
[Result "0-1"]
[WhiteElo "2396"]
[BlackElo "1982"]
[PlyCount "78"]
[EventDate "2022.08.13"]
[EventType "swiss"]
[EventRounds "9"]
[EventCountry "GBR"]
[SourceTitle "BritBase"]
[Source "John Saunders"]
[SourceDate "2022.08.22"]
[SourceVersion "1"]
[SourceVersionDate "2022.08.22"]
[SourceQuality "2"]

1. e4 c5 2. Nf3 d6 3. d4 cxd4 4. Nxd4 Nf6 5. Nc3 a6 6. h3 e5 7. Nde2 h5 8. g3
Be6 9. Bg2 Be7 10. Be3 Nbd7 11. b3 b5 12. O-O Nb6 13. f4 b4 14. Nd5 Bxd5 15.
exd5 e4 16. c4 bxc3 17. Nxc3 Rc8 18. Nxe4 Nbxd5 19. Nxf6+ Nxf6 20. Qe2 O-O 21.
Bd4 d5 22. Rac1 Re8 23. Qxa6 Ra8 24. Qb7 Rxa2 25. Rfe1 Bf8 26. Qb5 Ne4 27. Rcd1
Qc8 28. Rc1 Qd8 29. Rcd1 h4 30. g4 Qb8 31. Qxd5 Nf6 32. Bxf6 gxf6 33. Rxe8 Qxe8
34. Be4 Re2 35. Rd4 Qc8 36. Rc4 Qa6 37. Qd4 Qa2 38. Rc1 Qa3 39. Rc8 Qxb3 0-1

[Event "GBR-ch 108th"]
[Site "Torquay"]
[Date "2022.08.14"]
[Round "2.21"]
[White "Lentzos, Ioanis"]
[Black "Willow, Jonah B"]
[Result "0-1"]
[WhiteElo "2097"]
[BlackElo "2393"]
[PlyCount "106"]
[EventDate "2022.08.13"]
[EventType "swiss"]
[EventRounds "9"]
[EventCountry "GBR"]
[SourceTitle "BritBase"]
[Source "John Saunders"]
[SourceDate "2022.08.22"]
[SourceVersion "1"]
[SourceVersionDate "2022.08.22"]
[SourceQuality "2"]

1. d4 Nf6 2. c4 e6 3. Nf3 d5 4. Nc3 dxc4 5. e4 Bb4 6. Bxc4 Nxe4 7. O-O Nxc3 8.
bxc3 Be7 9. Qc2 O-O 10. Bf4 c5 11. Bd3 f5 12. Rfe1 Nc6 13. Rad1 cxd4 14. Bc4
Qa5 15. cxd4 Bf6 16. d5 Nb4 17. Qb3 Nxd5 18. Bxd5 exd5 19. Rxd5 Qc3 20. Qxc3
Bxc3 21. Re3 Bb2 22. Be5 Be6 23. Rb5 Bxe5 24. Rexe5 Bxa2 25. Rxb7 a5 26. Rb2
Bf7 27. Re3 Rfb8 28. Rxb8+ Rxb8 29. Kf1 Rb1+ 30. Ke2 Bc4+ 31. Kd2 Rf1 32. Re8+
Kf7 33. Rc8 Rxf2+ 34. Ke3 Re2+ 35. Kd4 Be6 36. Ra8 a4 37. Kd3 Rxg2 38. Ra7+ Kf6
39. Ra6 Rg4 40. Nd4 Re4 41. Rxa4 h5 42. Ra8 Ke5 43. Nf3+ Kf4 44. Nd4 Re3+ 45.
Kd2 Bc4 46. Nc2 Re2+ 47. Kc3 Bd5 48. Ra4+ Be4 49. Nd4 Re3+ 50. Kc4 g5 51. Ra2
g4 52. Ne6+ Ke5 53. Ng7 Bd5+ 0-1

[Event "GBR-ch 108th"]
[Site "Torquay"]
[Date "2022.08.14"]
[Round "2.22"]
[White "Waddington, Michael P"]
[Black "Kolbus, Dietmar"]
[Result "0-1"]
[WhiteElo "2066"]
[BlackElo "2272"]
[PlyCount "136"]
[EventDate "2022.08.13"]
[EventType "swiss"]
[EventRounds "9"]
[EventCountry "GBR"]
[SourceTitle "BritBase"]
[Source "John Saunders"]
[SourceDate "2022.08.22"]
[SourceVersion "1"]
[SourceVersionDate "2022.08.22"]
[SourceQuality "2"]

1. e4 c5 2. Nc3 Nc6 3. f4 g6 4. Nf3 Bg7 5. Bb5 Nd4 6. O-O Nxb5 7. Nxb5 Nf6 8.
e5 Nd5 9. c4 Nc7 10. d4 Nxb5 11. cxb5 cxd4 12. Qxd4 d6 13. Be3 O-O 14. Rad1 Qa5
15. a4 Bg4 16. Bd2 Qc7 17. Rc1 Qb8 18. Bc3 Rd8 19. Qe3 Bxf3 20. Rxf3 e6 21.
Rcf1 Qc7 22. Qe1 Rd7 23. Qg3 Rad8 24. h4 dxe5 25. Bxe5 Qc5+ 26. Kh2 Qc4 27. b3
Qe4 28. Bxg7 Kxg7 29. Qf2 Qd4 30. Qxd4+ Rxd4 31. Rc1 R8d7 32. Rc5 b6 33. Rc6
Kf6 34. Kg3 Kf5 35. Rc8 Re4 36. Rcc3 h5 37. Rc2 f6 38. Rc8 Rd2 39. Rc1 Ree2 40.
Rg1 Rc2 41. Kh3 Ke4 42. Rg3 Re3 43. Rxe3+ Kxe3 44. Rf1 Rc3 45. Kh2 Ke2 46. Rb1
e5 47. fxe5 fxe5 48. Rb2+ Ke1 49. Rb1+ Kd2 50. g4 hxg4 51. Rg1 Rh3+ 52. Kg2 e4
53. Ra1 e3 54. b4 Kc3 55. a5 Kxb4 56. axb6 axb6 57. Rb1+ Kc4 58. Rc1+ Kxb5 59.
Rb1+ Kc5 60. Rc1+ Kd5 61. Rd1+ Kc6 62. Rc1+ Kb7 63. Rb1 Rxh4 64. Kg3 Rh7 65.
Kxg4 Re7 66. Kf3 e2 67. Re1 b5 68. Kf2 g5 0-1

[Event "GBR-ch 108th"]
[Site "Torquay"]
[Date "2022.08.14"]
[Round "2.23"]
[White "Stoyanov, Viktor"]
[Black "Onslow, Alfie"]
[Result "0-1"]
[WhiteElo "2246"]
[BlackElo "2111"]
[PlyCount "74"]
[EventDate "2022.08.13"]
[EventType "swiss"]
[EventRounds "9"]
[EventCountry "GBR"]
[SourceTitle "BritBase"]
[Source "John Saunders"]
[SourceDate "2022.08.22"]
[SourceVersion "1"]
[SourceVersionDate "2022.08.22"]
[SourceQuality "2"]

1. b3 e5 2. Bb2 Nc6 3. c4 Nf6 4. e3 d5 5. cxd5 Nxd5 6. a3 Bd6 7. Qc2 Qg5 8. Nf3
Qg6 9. Qxg6 hxg6 10. Bb5 f6 11. d4 e4 12. Nfd2 f5 13. Nc4 Bd7 14. Nbd2 Ke7 15.
Rc1 a5 16. Nxd6 cxd6 17. Bc4 Nc7 18. Nb1 b5 19. Be2 b4 20. a4 d5 21. f3 exf3
22. gxf3 Rh4 23. Kf2 Rah8 24. Kg2 g5 25. Nd2 Ne6 26. Bb5 Kd6 27. Nf1 f4 28. Rd1
fxe3 29. Nxe3 Nf4+ 30. Kg1 g4 31. fxg4 Bxg4 32. Rf1 g5 33. Rc1 Ne7 34. Kf1 Bf3
35. Rg1 Rxh2 36. Ba1 Be2+ 37. Bxe2 Nxe2 0-1

[Event "GBR-ch 108th"]
[Site "Torquay"]
[Date "2022.08.14"]
[Round "2.24"]
[White "Jones, Steven A"]
[Black "Forster, Matthew"]
[Result "1-0"]
[WhiteElo "2210"]
[BlackElo "2058"]
[PlyCount "111"]
[EventDate "2022.08.13"]
[EventType "swiss"]
[EventRounds "9"]
[EventCountry "GBR"]
[SourceTitle "BritBase"]
[Source "John Saunders"]
[SourceDate "2022.08.22"]
[SourceVersion "1"]
[SourceVersionDate "2022.08.22"]
[SourceQuality "2"]

1. d4 d5 2. c4 dxc4 3. Nf3 Nf6 4. e3 e6 5. Bxc4 a6 6. O-O b5 7. Bb3 Bb7 8. a4
b4 9. Qe2 Nbd7 10. Rd1 Be7 11. Nbd2 c5 12. Nc4 Qc7 13. a5 O-O 14. Ba4 cxd4 15.
Nxd4 Nc5 16. Nb6 Rad8 17. Bd2 Nce4 18. Be1 Nd5 19. Rdc1 Nc5 20. Nxd5 Rxd5 21.
Bxb4 Qe5 22. Nc6 Bxc6 23. Bxc6 Nb3 24. Bxe7 Nxc1 25. Rxc1 Rc8 26. Ba3 Qc7 27.
Qxa6 Rxa5 28. Qf1 h5 29. h4 Qd8 30. Be4 Ra4 31. Rxc8 Qxc8 32. Bf3 Rxh4 33. g3
Rc4 34. Bb7 Qc7 35. Bd6 Qxb7 36. Qxc4 Qxb2 37. Qf4 Qc1+ 38. Kh2 Qd2 39. Bc5 f6
40. e4 Qe2 41. Be3 Kf7 42. Kg2 Qc4 43. Qf3 Qb5 44. Qd1 g6 45. Qd6 g5 46. Qc5
Qe2 47. Qc7+ Kg6 48. Qc6 h4 49. Qxe6 hxg3 50. Kxg3 Qb2 51. Qf5+ Kg7 52. e5 fxe5
53. Bxg5 Qc3+ 54. Kh2 Qe1 55. Bf6+ Kg8 56. Qg6+ 1-0

[Event "GBR-ch 108th"]
[Site "Torquay"]
[Date "2022.08.14"]
[Round "2.25"]
[White "Balaji, Aaravamudhan"]
[Black "Horton, Justin"]
[Result "1-0"]
[WhiteElo "2194"]
[BlackElo "2058"]
[PlyCount "83"]
[EventDate "2022.08.13"]
[EventType "swiss"]
[EventRounds "9"]
[EventCountry "GBR"]
[SourceTitle "BritBase"]
[Source "John Saunders"]
[SourceDate "2022.08.22"]
[SourceVersion "1"]
[SourceVersionDate "2022.08.22"]
[SourceQuality "2"]

1. Nf3 d5 2. g3 Bg4 3. Bg2 c6 4. O-O e6 5. h3 Bh5 6. c4 Bd6 7. Qb3 Qb6 8. d3
Qxb3 9. axb3 Nd7 10. Be3 a6 11. Ra4 Ngf6 12. g4 Bg6 13. Nh4 O-O 14. f4 b5 15.
Ra2 Bc5 16. Bxc5 Nxc5 17. b4 Ncd7 18. c5 a5 19. Rxa5 Rxa5 20. bxa5 Nxc5 21. Rc1
Nb3 22. Rc3 Nd4 23. Kf2 b4 24. Rc1 Rc8 25. Nd2 c5 26. e3 Nb5 27. e4 h5 28. f5
Bh7 29. g5 Nd7 30. g6 fxg6 31. fxg6 Ne5 32. gxh7+ Kxh7 33. Ke3 c4 34. exd5 c3
35. bxc3 bxc3 36. Ndf3 Nxf3 37. Bxf3 g6 38. dxe6 Re8 39. Be4 Rxe6 40. Nxg6 Kh6
41. Nf4 Ra6 42. Nd5 1-0

[Event "GBR-ch 108th"]
[Site "Torquay"]
[Date "2022.08.14"]
[Round "2.26"]
[White "Finn, Peter"]
[Black "Villiers, Thomas"]
[Result "1-0"]
[WhiteElo "2033"]
[BlackElo "2170"]
[PlyCount "79"]
[EventDate "2022.08.13"]
[EventType "swiss"]
[EventRounds "9"]
[EventCountry "GBR"]
[SourceTitle "BritBase"]
[Source "John Saunders"]
[SourceDate "2022.08.22"]
[SourceVersion "1"]
[SourceVersionDate "2022.08.22"]
[SourceQuality "2"]

1. Nf3 d5 2. d4 e6 3. g3 b5 4. Bg2 Nf6 5. O-O Be7 6. a4 b4 7. c4 bxc3 8. Nxc3
O-O 9. Bf4 Nbd7 10. Nb5 Ne8 11. Qc2 c5 12. dxc5 Nxc5 13. Be3 a6 14. Bxc5 Bxc5
15. Qxc5 axb5 16. axb5 Rb8 17. Nd4 Qb6 18. Rfc1 Nd6 19. Qxb6 Rxb6 20. Rc6 Rxc6
21. bxc6 e5 22. Nc2 Be6 23. Nb4 d4 24. c7 Nb5 25. Rc1 Rc8 26. Na6 Na7 27. Bb7
Re8 28. Nc5 Bc8 29. Bxc8 Nxc8 30. b4 Nb6 31. Nd7 Nc8 32. b5 e4 33. b6 d3 34. b7
d2 35. Rd1 Kh8 36. b8=Q Rg8 37. Nb6 e3 38. Qxc8 exf2+ 39. Kxf2 Rd8 40. cxd8=R#
1-0

[Event "GBR-ch 108th"]
[Site "Torquay"]
[Date "2022.08.14"]
[Round "2.27"]
[White "Rathbone-Jones, Ifan"]
[Black "Birtwistle, Nigel"]
[Result "1-0"]
[WhiteElo "2006"]
[BlackElo "2151"]
[PlyCount "65"]
[EventDate "2022.08.13"]
[EventType "swiss"]
[EventRounds "9"]
[EventCountry "GBR"]
[SourceTitle "BritBase"]
[Source "John Saunders"]
[SourceDate "2022.08.22"]
[SourceVersion "1"]
[SourceVersionDate "2022.08.22"]
[SourceQuality "2"]

1. d4 Nf6 2. Bf4 c5 3. e3 g6 4. Nf3 Bg7 5. Nc3 O-O 6. Be2 Qb6 7. O-O d6 8. a4
Nc6 9. a5 Qd8 10. dxc5 dxc5 11. Bb5 Qxd1 12. Rfxd1 Nb4 13. Na4 a6 14. Bc4 Bf5
15. c3 Nc6 16. Nxc5 Nxa5 17. Rxa5 b6 18. Rxa6 bxc5 19. Rxa8 Rxa8 20. h3 e6 21.
Ne5 h6 22. f3 g5 23. Bh2 Bc2 24. Rd2 Bb1 25. b4 cxb4 26. cxb4 Rc8 27. b5 Nd5
28. Nc6 Kh7 29. Bxd5 exd5 30. Rxd5 Ba2 31. Rd8 Rxd8 32. Nxd8 Bf6 33. b6 1-0

[Event "GBR-ch 108th"]
[Site "Torquay"]
[Date "2022.08.14"]
[Round "2.28"]
[White "Modi, Shyam Jagdish"]
[Black "Ashworth, Michael"]
[Result "0-1"]
[WhiteElo "2148"]
[BlackElo "2039"]
[PlyCount "88"]
[EventDate "2022.08.13"]
[EventType "swiss"]
[EventRounds "9"]
[EventCountry "GBR"]
[SourceTitle "BritBase"]
[Source "John Saunders"]
[SourceDate "2022.08.22"]
[SourceVersion "1"]
[SourceVersionDate "2022.08.22"]
[SourceQuality "2"]

1. d4 g6 2. c4 Bg7 3. Nf3 d6 4. g3 Nd7 5. Nc3 e5 6. Bg2 Ne7 7. O-O O-O 8. dxe5
dxe5 9. Bg5 h6 10. Bxe7 Qxe7 11. e4 c6 12. Qc2 a5 13. a3 Nb6 14. b3 Be6 15.
Rfb1 Rfd8 16. Bf1 Rd7 17. Qe2 a4 18. Qe3 Qd8 19. c5 Nc8 20. Nxa4 f5 21. Nh4 f4
22. Qc3 Kh7 23. Bc4 Bh3 24. Qe1 Qf6 25. Rd1 Rd4 26. Nc3 Ne7 27. Bf1 Be6 28. b4
Rf8 29. Be2 fxg3 30. fxg3 Qg5 31. Bf1 Bg4 32. Rxd4 exd4 33. Nb1 Be6 34. Nd2 d3
35. Rd1 Bd4+ 36. Kh1 Bg4 37. Bxd3 Bxd1 38. Qxd1 Rf2 39. Ndf3 Qe3 40. e5 Bxe5
41. Bc4 Bf6 42. Qd3 Qc1+ 43. Ng1 Bxh4 44. gxh4 Qf4 0-1

[Event "GBR-ch 108th"]
[Site "Torquay"]
[Date "2022.08.14"]
[Round "2.29"]
[White "Salmons, Calum"]
[Black "Okhai, Shabir"]
[Result "1/2-1/2"]
[WhiteElo "1944"]
[BlackElo "2137"]
[PlyCount "49"]
[EventDate "2022.08.13"]
[EventType "swiss"]
[EventRounds "9"]
[EventCountry "GBR"]
[SourceTitle "BritBase"]
[Source "John Saunders"]
[SourceDate "2022.08.22"]
[SourceVersion "1"]
[SourceVersionDate "2022.08.22"]
[SourceQuality "2"]

1. e4 e5 2. Nf3 Nc6 3. Bb5 a6 4. Bxc6 dxc6 5. O-O Ne7 6. Nxe5 Qd4 7. Qh5 g6 8.
Nf3 Qxe4 9. Qa5 Bg4 10. d3 Qf5 11. Qxc7 Bxf3 12. gxf3 Qxf3 13. Nd2 Qg4+ 14. Kh1
Qd7 15. Qxd7+ Kxd7 16. Nc4 Nd5 17. Ne5+ Ke6 18. Re1 Kf6 19. c4 Nb4 20. Ng4+ Kf5
21. Ne3+ Ke6 22. Nd5+ Kf5 23. Ne3+ Ke6 24. Nd5+ Kf5 25. Ne3+ 1/2-1/2

[Event "GBR-ch 108th"]
[Site "Torquay"]
[Date "2022.08.14"]
[Round "2.30"]
[White "Walker, Martin G"]
[Black "Pollack, Oscar"]
[Result "0-1"]
[WhiteElo "2135"]
[BlackElo "2020"]
[PlyCount "92"]
[EventDate "2022.08.13"]
[EventType "swiss"]
[EventRounds "9"]
[EventCountry "GBR"]
[SourceTitle "BritBase"]
[Source "John Saunders"]
[SourceDate "2022.08.22"]
[SourceVersion "1"]
[SourceVersionDate "2022.08.22"]
[SourceQuality "2"]

1. e4 e6 2. d4 d5 3. Nd2 Be7 4. c3 Nf6 5. e5 Nfd7 6. Bd3 c5 7. Ne2 Nc6 8. O-O
O-O 9. Nf3 cxd4 10. cxd4 f6 11. Nf4 Ndxe5 12. dxe5 fxe5 13. Nxe5 Nxe5 14. Bxh7+
Kxh7 15. Qh5+ Kg8 16. Qxe5 Bd6 17. Qd4 Qf6 18. Qxf6 gxf6 19. Rd1 Kf7 20. Be3
Be5 21. Nd3 Bd6 22. Nf4 b6 23. Ne2 Bb7 24. Nd4 Rh8 25. h3 Rag8 26. Kh1 Bc5 27.
f3 e5 28. Nf5 Ke6 29. Bxc5 bxc5 30. Ne3 d4 31. Ng4 e4 32. Re1 Kf7 33. Nf2 e3
34. Ne4 Bxe4 35. fxe4 Rg3 36. Rad1 Rhg8 37. Re2 a5 38. Rc2 R8g5 39. Kh2 d3 40.
Rxd3 e2 41. Rxg3 e1=Q 42. Rxg5 fxg5 43. Rxc5 Qxe4 44. Rxa5 Qf4+ 45. Kh1 Qc1+
46. Kh2 Qc7+ 0-1